Wiley Acing The GATE Electronics and Communication Engineering (Record no. 12626)

MARC details
000 -LEADER
fixed length control field 00461nam a22001817a 4500
003 - CONTROL NUMBER IDENTIFIER
control field OSt
008 - FIXED-LENGTH DATA ELEMENTS--GENERAL INFORMATION
fixed length control field 240504b |||||||| |||| 00| 0 eng d
020 ## - INTERNATIONAL STANDARD BOOK NUMBER
International Standard Book Number 9789354644900
082 ## - DEWEY DECIMAL CLASSIFICATION NUMBER
Classification number 621.38 MAW
100 ## - MAIN ENTRY--PERSONAL NAME
Personal name MAINI,Anil K
245 ## - TITLE STATEMENT
Title Wiley Acing The GATE Electronics and Communication Engineering
250 ## - EDITION STATEMENT
Edition statement 2nd Ed
260 ## - PUBLICATION, DISTRIBUTION, ETC. (IMPRINT)
Place of publication, distribution, etc New Delhi
Name of publisher, distributor, etc Wiley India
Date of publication, distribution, etc 2023
300 ## - PHYSICAL DESCRIPTION
Extent 1457
700 ## - ADDED ENTRY--PERSONAL NAME
Personal name AGRAWAL,Varsha
700 ## - ADDED ENTRY--PERSONAL NAME
Personal name MAINI,Nakul
942 ## - ADDED ENTRY ELEMENTS (KOHA)
Source of classification or shelving scheme Dewey Decimal Classification
Koha item type Text Books
Holdings
Withdrawn status Lost status Source of classification or shelving scheme Damaged status Not for loan Collection code Home library Current library Date acquired Source of acquisition Currency Cost, normal purchase price Bill Number Total Checkouts Full call number Acc. no. / Barcode Date last seen Actual Cost, discounted price Bill Date Koha item type
    Dewey Decimal Classification     B.Tech(ECE) PIET C-LIBRARY PIET C-LIBRARY 06/04/2024 Zafaa Books and Distributors In rupees 1019.00 ZBD0006   621.38 MAW 37131 04/05/2024 738.77 06/04/2024 Reference Books
    Dewey Decimal Classification     B.Tech(ECE) PIET C-LIBRARY PIET C-LIBRARY 06/04/2024 Zafaa Books and Distributors In rupees 1019.00 ZBD0006   621.38 MAW 37132 04/05/2024 738.77 06/04/2024 Text Books

Design & Developed by: PIET Central Library
R70 Miles Stone Pattikalyana Samalkha Panipat 132102
mail ID :- [email protected], Phone No:- 0180-2569700 Ex.216